| 000 | 00558nam a2200205Ia 4500 | ||
|---|---|---|---|
| 005 | 20250326143159.0 | ||
| 008 | 250326s9999 xx 000 0 und d | ||
| 020 | _a81-203-2463-3 | ||
| 037 | _aTextbook | ||
| 040 |
_aFMSL _beng _cFMSL |
||
| 041 |
_aeng _2eng |
||
| 084 |
_aB0bX P1 _qFMSL |
||
| 100 |
_aHoy Micheal _9747318 |
||
| 245 | 0 |
_aMathematics for Economics _cHoy Micheal And Others |
|
| 250 | _a2 | ||
| 260 |
_aNew Delhi _bNew Delhi, Prentice Hall _c2001 |
||
| 300 | _axi,1129 | ||
| 942 |
_cTB _hB0bX P1 |
||
| 999 |
_c1298474 _d1298474 |
||